| 000 | 00609nam a2200229Ia 4500 | ||
|---|---|---|---|
| 003 | BUBTL | ||
| 008 | 151213s9999 xx 000 0 und d | ||
| 020 | _a0415234727 | ||
| 082 | _a822.33/ Sh152o/ 2003 | ||
| 100 |
_aShakespeare, William _91992 |
||
| 245 |
_aKing Lear : _cWilliam Shakespeare |
||
| 250 | _a1st Edn | ||
| 260 |
_aLondon _bRouttadge _cc2003 |
||
| 300 |
_a[viii],191p. : _b22 cm |
||
| 500 | _aIncludes Index | ||
| 650 | _aEnglish Literature | ||
| 650 | _a | ||
| 700 |
_aWilliam Shakespeare _94875 |
||
| 856 |
_k0 _l0 _yDownload |
||
| 942 |
_2ddc _cBK |
||
| 999 |
_c1605 _d1605 |
||